[Event "Guimaraes Open 2018"]
[Site "Guimaraes"]
[Date "2018.10.06"]
[Round "5"]
[White "Machado, Carlos Antonio"]
[Black "Rego, Pedro Filipe Pinho"]
[Result "1-0"]
[WhiteElo "1780"]
[BlackElo "2251"]
[Annotator "TA"]
[PlyCount "77"]
[EventDate "2018.10.04"]
[EventType "swiss"]
[EventCountry "POR"]
[SourceTitle "playchess.com"]
[Source "ChessBase"]
[SourceQuality "1"]

{[%evp 16,77,0,-16,0,-9,-8,-17,-13,-13,0,-27,-9,-10,-10,-11,-1,-22,0,0,0,-18,60,0,41,0,33,23,56,-2,39,29,65,7,58,-35,-43,-55,-40,-44,0,0,213,252,237,0,0,0,36,0,261,66,1334,1323,1307,1287,1234,1234,1199,1120,29984,29985,29998,29999]} 1. e4 c5 2. Nf3 e6 3. d4 cxd4 4. Nxd4 Nc6 5. c4 Nf6 6. Nxc6 bxc6 7. Bd3 e5 8. O-O Bc5 9. Bg5 {LiveBook: 3 Games. B40: Sicilian: 2...e6, Unusual lines} O-O 10. Nc3 h6 11. Bh4 {The position is equal.} d6 12. Kh1 Bd4 $146 ({Predecessor:} 12... g5 13. Bg3 Rb8 14. b3 h5 15. Qd2 Nd7 16. h3 h4 17. Bh2 Bd4 18. Rac1 Nc5 19. Bb1 {1-0 (76) Georgiev,K (2651)-Zhang,P (2567) Dos Hermanas 2004}) 13. Qd2 g5 14. Bg3 $1 Rb8 15. Rab1 Qa5 16. h4 Nh7 17. hxg5 hxg5 18. b4 Qc7 (18... Rxb4 $11 19. Nd5 Ra4 20. Ne7+ Kg7 21. Qxa5 Rxa5 22. Nxc6 Ra3) 19. a4 (19. Ne2 $14 c5 20. bxc5 (20. Nxd4 cxd4 21. c5 Be6 $16) 20... Rxb1 21. Rxb1 Bxc5 22. Nc3) 19... Qe7 20. a5 a6 21. Ne2 Ba7 $1 22. Bc2 ({White should play} 22. Kg1 $14) 22... Rd8 23. Ba4 Bb7 24. Rb3 (24. Bh2 $14) 24... Nf8 ({Better is} 24... Qe6 $11) 25. f4 (25. Rd1 $14) 25... exf4 26. Bxf4 gxf4 27. Nxf4 Ng6 {And now ...Bc8 would win.} (27... Qxe4 28. Rg3+ Kh8 29. Rh3+ Kg8 30. Nh5 $18) 28. Nh5 {aiming for c5!} Qe5 $2 (28... Bc8 $1 $11 {and Black stays safe.} 29. Nf6+ Kg7 30. Nh5+ Kg8 31. Nf6+ Kg7 32. Nh5+ Kg8) 29. Qh6 $1 $18 {[%mdl 1024] Intending Nf6+ and mate. White has strong compensation.} Bd4 {[#]} 30. Rbf3 $2 ({Weaker is} 30. Nf6+ Qxf6 31. Rxf6 Bxf6 $17) (30. Rg3 $1 $18 {[%cal Rg3g6] White wants to mate with Rxg6+.} Qxe4 31. Nf6+ Bxf6 32. Rxf6 Qe1+ 33. Kh2) 30... Qh8 $11 ({Avoid the trap} 30... Qxe4 $2 {[#]} 31. Bc2 $1 $18 {[%mdl 512]}) 31. Qg5 Rf8 (31... Qe5 $5 {[%cal Re5g5]} 32. Nf6+ Kg7 33. Nh5+ Kg8 34. Nf6+ Kg7 35. Nh5+ Kg8 $11) 32. c5 Rbe8 $2 {[%mdl 8192]} (32... Qe5 $1 $11 33. Nf6+ Kg7 34. Nh5+ Kg8 35. Nf6+ Kg7 36. Nh5+ Kg8) 33. Rxf7 $2 $40 {[%mdl 128] Black needs to defend precisely.} ({Only move:} 33. cxd6 $18 {White threatens Bb3 and mate.} Qh7 34. d7) 33... Rxf7 $4 {[%mdl 8192]} (33... Qh7 $14 34. R7f5 Kh8) 34. Qxg6+ $18 Qg7 35. Nxg7 (35. Qxg7+ $2 {loses.} Bxg7 36. Rb1 Rxe4 $19) 35... Rxf1+ 36. Kh2 Be5+ 37. g3 {Black must now prevent Ne6+.} Bxg3+ 38. Kg2 Re5 39. Ne6+ {Precision: White = 34%, Black = 24%.} 1-0

[Event "Guimaraes Open 2018"]
[Site "Guimaraes"]
[Date "2018.10.06"]
[Round "5"]
[White "Martinez Ferreira, Oscar"]
[Black "Martins, Bruno Andre Leite"]
[Result "0-1"]
[WhiteElo "1752"]
[BlackElo "2248"]
[Annotator "TA"]
[PlyCount "68"]
[EventDate "2018.10.04"]
[EventType "swiss"]
[EventCountry "POR"]
[SourceTitle "playchess.com"]
[Source "ChessBase"]
[SourceQuality "1"]

{[%evp 25,68,41,65,62,75,47,44,-83,-79,-81,-78,-173,-187,-232,-230,-266,-222,-219,-145,-173,-66,-177,-200,-162,-85,-81,-72,-85,-97,-193,-199,-191,-185,-331,-310,-386,-347,-576,-614,-503,-455,-5314,-5302,-5302,-5189]} 1. d4 Nf6 2. c4 g6 3. Nc3 Bg7 4. e4 d6 5. h3 O-O 6. Nf3 e5 7. d5 a5 8. Be3 Na6 9. Be2 Nc5 10. Nd2 Bd7 11. g4 c6 12. g5 {E92: King's Indian: Classical: 6 Be2 e5: 7 dxe5, 7 Be3 and Petrosian System without 7...Nbd7} (12. h4 cxd5 13. cxd5 Rc8 14. g5 Nh5 15. Bxc5 Rxc5 16. Bxh5 gxh5 17. Qxh5 b5 18. a4 bxa4 19. Qd1 Qc7 20. Nxa4 {0-1 (45) Grischuk,A (2751)-Naiditsch,A (2686) Novi Sad 2016 CBM 176 [Szabo,Kr]}) 12... Ne8 {[%cal Bf6e8,Be8c7,Bc7b5,Bb5d4][%mdl 32]} 13. h4 Nc7 {LiveBook: 9 Games} 14. h5 {White is slightly better.} cxd5 {[#]} 15. cxd5 $146 ({Predecessor:} 15. exd5 N7a6 16. Nde4 Bf5 17. f3 a4 18. Qd2 Qa5 19. Nf6+ Bxf6 20. gxf6 {½-½ (91) Adhiban,B (2515)-Thipsay,P (2465) New Delhi 2010}) 15... b5 {[%cal Bb7b5,Bb5b4][%mdl 32]} 16. Qb1 (16. b3 $14 {keeps the upper hand.}) 16... b4 $17 17. Nd1 Nb5 $1 18. f3 (18. Bxc5 $17 dxc5 19. Bxb5 Bxb5 20. a4) 18... Nd4 $19 19. Bc4 Rc8 20. b3 a4 21. Nf2 Qa5 22. Nd3 {[#]} axb3 ({Black should try} 22... Nxf3+ $1 $19 {[%mdl 512]} 23. Nxf3 Nxe4) 23. Bxd4 (23. axb3 $15 Nc2+ 24. Ke2 Qxa1 25. Qxa1 Nxa1 26. Nxc5 dxc5 27. Rxa1) 23... exd4 24. axb3 Qd8 (24... Nxd3+ $1 $19 25. Bxd3 Qd8) 25. Nxc5 Rxc5 26. f4 d3 27. Ra7 (27. Ra2 $17) 27... Ra5 $1 {[%cal Ra5a7]} 28. Rxa5 Qxa5 29. hxg6 (29. O-O $142 Bh3 30. Rf3 Qb6+ 31. Kh2) 29... fxg6 {Threatens to win with ...Bc3.} 30. O-O Qc5+ 31. Kh2 $2 {[#]} (31. Kg2 {was necessary.} Qe3 32. Qxd3 Bh3+ 33. Kh2 Qxd3 34. Bxd3 Bxf1 35. Bxf1) 31... Rxf4 $1 {[%mdl 512] Black is clearly winning.} 32. Rxf4 Be5 {( -> ...Qf2+)} 33. Qxd3 {[#]} ({Much weaker is} 33. Qf1 Qe3) (33. Kg2 $142 Qe3 34. Nf3 Qxf4 35. Nxe5 Qxg5+ 36. Kf2 Qxe5 37. Qxd3) 33... Qf2+ $1 34. Kh1 Bxf4 {Precision: White = 34%, Black = 64%.} 0-1

[Event "Guimaraes Open 2018"]
[Site "Guimaraes"]
[Date "2018.10.06"]
[Round "5"]
[White "Santos, Jose Miguel Sereno"]
[Black "Ferreira, Hugo Miguel Da Cost"]
[Result "1/2-1/2"]
[WhiteElo "1646"]
[BlackElo "2130"]
[Annotator "TA"]
[PlyCount "61"]
[EventDate "2018.10.04"]
[EventType "swiss"]
[EventCountry "POR"]
[SourceTitle "playchess.com"]
[Source "ChessBase"]
[SourceQuality "1"]

{[%evp 20,61,98,87,95,91,87,83,113,78,207,61,72,78,66,50,43,33,54,37,53,45,54,47,52,49,57,61,91,68,64,49,46,45,40,45,58,0,36,0,104,85,110,10]} 1. e4 c5 2. Nf3 a6 3. c3 e6 4. d4 d5 5. e5 Bd7 6. Bd3 Bb5 {B28: Sicilian: 2 Nf3 a6 (O'Kelly Variation)} (6... cxd4 7. cxd4 Bb5 8. Bc2 Bb4+ 9. Bd2 a5 10. a3 Bxd2+ 11. Qxd2 Ne7 12. Nc3 Ba6 13. h4 h6 14. Rh3 {1-0 (46) Eliseev,U (2582)-Artemiev,V (2673) Moscow 2016}) 7. Bxb5+ axb5 8. dxc5 Bxc5 9. b4 Bb6 10. Na3 Ne7 11. Nxb5 {LiveBook: 4 Games} O-O 12. O-O Nbc6 13. Re1 Nf5 $146 ({Predecessor:} 13... d4 14. Nbxd4 Bxd4 15. Nxd4 Nxd4 16. cxd4 {½-½ (41) Kulaots,K (2530)-Nestorovic,N (2381) Plovdiv 2008}) 14. a3 (14. a4 {seems wilder.} Na7 15. Na3 Bc7 16. Qe2 Qd7 17. Nc2) 14... d4 {[#]} (14... Na7 $16) 15. Nbxd4 ({Only move:} 15. c4 $1 $18) 15... Ncxd4 16. cxd4 Bxd4 17. Nxd4 Qxd4 18. Rb1 Rfd8 19. Bb2 Qf4 20. Qc1 Qg4 21. h3 Qh4 {[#] ...Rac8 is the strong threat.} 22. Rd1 Rdc8 23. Qd2 Qe4 24. Rbc1 {Rxc8+ would kill now.} h6 25. Re1 Rxc1 26. Qxc1 Qd5 27. Rd1 Qe4 {Black wants to play ...Nh4.} 28. Re1 Qd5 29. Rd1 Qb3 (29... Qe4 $11) 30. Rd7 b5 31. Qd2 {Precision: White = 49%, Black = 34%.} ({Better is} 31. Rd2 $16) 1/2-1/2

[Event "Guimaraes Open 2018"]
[Site "Guimaraes"]
[Date "2018.10.06"]
[Round "5"]
[White "Monteiro, Paulo Alexandre Gom"]
[Black "Bazan Solera, Manuel"]
[Result "1/2-1/2"]
[WhiteElo "1602"]
[BlackElo "1932"]
[Annotator "NA RC"]
[PlyCount "101"]
[EventDate "2018.10.04"]
[EventType "swiss"]
[EventCountry "POR"]
[SourceTitle "playchess.com"]
[Source "ChessBase"]
[SourceQuality "1"]
[TimeControl "5400+30"]

1. d4 {[%emt 0:03:22]} Nf6 {[%emt 0:00:00]} 2. Nf3 {[%emt 0:00:06]} g6 {[%emt 0:00:00]} 3. c4 {[%emt 0:00:06]} Bg7 {[%emt 0:00:00]} 4. Nc3 {[%emt 0:00:07]} O-O {[%emt 0:00:00]} 5. Bg5 {[%emt 0:00:13]} d6 {[%emt 0:00:30]} 6. e3 {[%emt 0:00:07]} Na6 {[%emt 0:00:43] E61: King's Indian: Early deviations for White, including Smyslov System} (6... c5 7. d5 h6 8. Bh4 g5 9. Bg3 Nh5 10. Bd3 f5 11. Nd2 Nxg3 12. hxg3 Nd7 13. f4 Nf6 14. Qe2 gxf4 15. gxf4 Ng4 16. e4 fxe4 17. Qxe4 {0-1 (34) Indjic,A (2581)-Amin,B (2680) Abu Dhabi 2017}) 7. Be2 {[%emt 0:02:08]} c6 {[%emt 0:00:05]} 8. O-O {[%emt 0:00:29]} Nc7 {[%emt 0:00:08]} 9. Qd2 {[%emt 0:03:14]} Rb8 $146 {[%emt 0:00:48]} ({Predecessor:} 9... Bf5 10. h3 Ne4 11. Nxe4 Bxe4 12. Rfd1 f6 13. Bf4 Qd7 14. Qb4 g5 15. Bh2 {0-1 (50) Corbalan Liarte,J-Bellagamba,P (1652) Madrid 2016}) 10. Rac1 {[%emt 0:03:57]} b5 {[%emt 0:02:23]} 11. cxb5 {[%emt 0:00:49]} cxb5 {[%emt 0:00:52]} 12. b4 {[%emt 0:01:05]} a6 {[%emt 0:02:51]} 13. a3 {[%emt 0:05:08]} Be6 {[%emt 0:01:04]} 14. Rc2 {[%emt 0:02:58]} Bb3 {[%emt 0:02:52]} 15. Rb2 {[%emt 0:00:29]} Bc4 {[%emt 0:00:26]} 16. Bxf6 Bxf6 {[%emt 0:00:19]} 17. Ne4 {[%emt 0:06:43]} Bg7 {[%emt 0:00:31]} 18. Rc1 {[%emt 0:01:10]} f5 {[%emt 0:08:02]} 19. Ng3 {[%emt 0:04:19]} d5 {[%emt 0:00:25]} 20. Ne1 {[%emt 0:08:11]} e5 {[%emt 0:01:55]} 21. Nc2 {[%emt 0:05:08]} e4 {[%emt 0:04:20]} 22. Na1 {[%emt 0:05:12]} Bh6 {[%emt 0:02:00]} 23. Nb3 {[%emt 0:02:01]} f4 {[%emt 0:00:30]} 24. Nf1 {[%emt 0:00:09]} Qh4 {[%emt 0:02:47]} 25. Nc5 {[%emt 0:03:00]} Rf7 {[%emt 0:08:39]} 26. Bxc4 {[%emt 0:04:10]} bxc4 {[%emt 0:00:31]} 27. a4 {[%emt 0:01:40]} Qe7 {[%emt 0:07:27]} 28. Rcb1 {[%emt 0:02:29]} (28. exf4 $17 {is a better defense.} Bxf4 29. Ne3) 28... fxe3 {[%emt 0:02:31]} 29. fxe3 {[%emt 0:00:21]} Qf8 {[%emt 0:03:01]} 30. Qe1 $2 {[%emt 0:03:30]} (30. Ng3 $17) 30... Rb6 {[%emt 0:00:35]} 31. Ng3 {[%emt 0:03:04]} Qb8 {[%emt 0:11:14]} 32. Kh1 {[%emt 0:04:35]} (32. Nh1 $11) 32... Bf8 {[%emt 0:00:50]} 33. Qc3 {[%emt 0:02:44] [#]} ({Better is} 33. Ne2 $15) 33... Bd6 {[%emt 0:00:46]} ({Black should try} 33... Rbf6 $1 $17 34. Rg1 Qe8) 34. Rf1 {[%emt 0:02:00]} Qf8 {[%emt 0:04:12]} 35. Rxf7 {[%emt 0:02:51]} Qxf7 {[%emt 0:00:08]} 36. Qe1 {[%emt 0:00:55]} Bxg3 {[%emt 0:00:56]} 37. hxg3 {[%emt 0:00:06]} g5 {[%emt 0:02:16]} 38. g4 $2 {[%emt 0:04:15]} (38. Kg1 $11) 38... Rf6 {[%emt 0:04:57]} 39. Rb1 {[%emt 0:02:05]} h5 {[%emt 0:00:50]} 40. Qg3 {[%emt 0:03:14]} h4 {[%emt 0:01:29]} 41. Qe5 {[%emt 0:00:12]} Qg7 $2 {[%emt 0:03:17] [#]} (41... Rg6 $11 {and Black is okay.}) 42. Nd7 $1 {[%emt 0:03:22]} Rf7 {[%emt 0:07:03]} 43. Qxc7 {[%emt 0:01:03]} Rxd7 {[%emt 0:00:02]} 44. Qc8+ {[%emt 0:00:25]} Kh7 {[%emt 0:00:20] [#]} 45. b5 $1 {[%emt 0:00:38]} axb5 {[%emt 0:01:54]} 46. axb5 {[%emt 0:00:05]} ({Keinesfalls} 46. Rxb5 $6 h3 $16) 46... h3 {[%emt 0:00:18]} 47. gxh3 $2 {[%emt 0:02:08]} ({Only move:} 47. b6 $18 Rb7 48. gxh3) 47... Qf7 $2 {[%emt 0:00:15]} (47... Rf7 $1 $11) 48. b6 $2 {[%emt 0:01:03]} (48. Kg1 $18) 48... Qf3+ {[%emt 0:01:32]} 49. Kh2 {[%emt 0:01:33]} Qf2+ {[%emt 0:00:33]} 50. Kh1 {[%emt 0:00:04]} Qf3+ {[%emt 0:02:32]} 51. Kh2 $11 {[%emt 0:00:05]} 1/2-1/2

[Event "Guimaraes Open 2018"]
[Site "Guimaraes"]
[Date "2018.10.06"]
[Round "5"]
[White "Oliveira, Maria Alice Ramos M"]
[Black "Fidalgo, Daniel Neves"]
[Result "0-1"]
[WhiteElo "1545"]
[BlackElo "2018"]
[Annotator "NA RC"]
[PlyCount "64"]
[EventDate "2018.10.04"]
[EventType "swiss"]
[EventCountry "POR"]
[SourceTitle "playchess.com"]
[Source "ChessBase"]
[SourceQuality "1"]
[TimeControl "5400+30"]

1. e4 {[%emt 0:00:00]} e6 {[%emt 0:00:00]} 2. Qe2 {[%emt 0:00:00]} Be7 {[%emt 0:11:37]} 3. Nf3 {[%emt 0:02:37] C00: French: Unusual White 2nd moves} (3. g3 d5 4. d3 dxe4 5. dxe4 e5 6. Nf3 Nc6 7. Bg2 Nf6 8. c3 O-O 9. b4 Be6 10. O-O Nd7 11. Rd1 Qb8 12. Na3 {½-½ (46) Kindermann,S (2502)-Meier,G (2655) Germany 2018}) 3... d5 {[%emt 0:04:51]} 4. e5 {[%emt 0:02:18]} Nh6 {[%emt 0:01:19]} 5. d4 Nf5 {[%emt 0:01:22]} 6. g3 {[%emt 0:08:22]} c5 $146 {[%emt 0:00:37]} ({Predecessor:} 6... O-O 7. Bg2 c5 8. c3 Nc6 9. g4 Nh4 10. Nxh4 Bxh4 11. Be3 cxd4 12. cxd4 {0-1 (26) Arnetta,M-Culle,S Santa Flavia 1997}) 7. dxc5 {[%emt 0:26:27]} Bxc5 {[%emt 0:06:53]} 8. Bg2 {[%emt 0:01:27]} O-O {[%emt 0:01:06]} 9. O-O {[%emt 0:02:25]} Nc6 {[%emt 0:02:01]} 10. c3 {[%emt 0:02:50]} a6 {[%emt 0:03:55]} 11. Bf4 {[%emt 0:07:34]} Bd7 {[%emt 0:01:00]} 12. c4 {[%emt 0:18:50]} Ncd4 {[%emt 0:06:27]} 13. Nxd4 {[%emt 0:01:54]} Nxd4 {[%emt 0:00:09]} 14. Qd3 {[%emt 0:09:59]} dxc4 {[%emt 0:00:46]} 15. Qxc4 {[%emt 0:00:29]} Rc8 {[%emt 0:00:14]} 16. Nc3 {[%emt 0:01:56]} Nc2 {[%emt 0:11:26]} 17. Qe2 {[%emt 0:02:10]} Nxa1 {[%emt 0:00:05]} 18. Rxa1 {[%emt 0:00:55]} (18. Bxb7 $142 Rb8 19. Bxa6) 18... Bc6 {[%emt 0:00:10]} 19. Rd1 {[%emt 0:00:40]} Qc7 {[%emt 0:00:43]} 20. Ne4 {[%emt 0:00:12]} Bxe4 {[%emt 0:01:02]} 21. Bxe4 {[%emt 0:00:36]} Rfd8 {[%emt 0:00:49]} 22. Rc1 {[%emt 0:01:22]} Qb6 {[%emt 0:00:46]} 23. Rc2 {[%emt 0:00:31]} Be7 {[%emt 0:01:19]} 24. Rxc8 {[%emt 0:01:43]} Rxc8 {[%emt 0:00:01]} 25. Be3 {[%emt 0:00:29]} Bc5 {[%emt 0:00:31]} 26. Qc2 {[%emt 0:01:48]} g6 {[%emt 0:00:59]} 27. Bxb7 {[%emt 0:02:26]} Qxb7 {[%emt 0:06:15]} 28. Bxc5 {[%emt 0:00:07]} Qd5 29. b4 {[%emt 0:00:06]} Qxe5 {[%emt 0:00:11]} 30. Qd2 {[%emt 0:02:27]} Qd5 {[%emt 0:01:29]} 31. Qe2 {[%emt 0:01:59]} Rd8 {[%emt 0:00:18]} 32. Qxa6 $19 {[%emt 0:00:15]} (32. h3 Qd1+ 33. Qf1) 32... Qf3 {[%emt 0:00:15]} 0-1

[Event "Guimaraes Open 2018"]
[Site "Guimaraes"]
[Date "2018.10.06"]
[Round "5"]
[White "Ribeiro, Orlando Camilo Duar"]
[Black "Gawle, Ireneusz"]
[Result "1/2-1/2"]
[WhiteElo "1461"]
[BlackElo "1800"]
[Annotator "NA RC"]
[PlyCount "118"]
[EventDate "2018.10.04"]
[EventType "swiss"]
[EventCountry "POR"]
[SourceTitle "playchess.com"]
[Source "ChessBase"]
[SourceQuality "1"]
[TimeControl "5400+30"]

1. e4 {[%emt 0:00:00]} e5 {[%emt 0:02:48]} 2. Nf3 {[%emt 0:00:26]} Nc6 {[%emt 0:00:02]} 3. Bc4 {[%emt 0:00:11]} Nf6 {[%emt 0:00:03]} 4. d3 {[%emt 0:00:30]} Bc5 {[%emt 0:01:47]} 5. c3 {[%emt 0:00:27]} d6 {[%emt 0:01:34]} 6. Bb3 {[%emt 0:01:02]} h6 {[%emt 0:05:08]} 7. Nbd2 {[%emt 0:03:12] C54: Giuoco Piano: 4 c3 Nf6, main lines with 5 d4 and 5 d3} O-O {[%emt 0:00:51]} 8. Nf1 {[%emt 0:00:43]} (8. h3 a5 9. O-O Be6 10. Bc2 b5 11. Re1 Qb8 12. Nb3 Bb6 13. a4 Qa7 14. Be3 Bxe3 15. Rxe3 bxa4 {½-½ (42) Ter Sahakyan,S (2563)-Petrosyan,M (2570) Yerevan 2018}) 8... d5 {[%emt 0:02:01]} 9. Qe2 {[%emt 0:02:25]} dxe4 {[%emt 0:09:46]} 10. dxe4 {[%emt 0:00:18]} Ng4 {[%emt 0:06:26]} 11. Ne3 {[%emt 0:02:19]} Nxe3 {[%emt 0:02:58]} 12. Bxe3 {[%emt 0:01:09]} Qe7 {[%emt 0:00:13]} 13. h3 {[%emt 0:02:22]} a5 $146 {[%emt 0:00:48]} ({Predecessor:} 13... Bxe3 14. Qxe3 {1-0 (51) Nevanlinna,R (2292)-Ronnqvist,T Finland 2009}) 14. a4 {[%emt 0:02:00]} Kh8 {[%emt 0:08:53]} 15. Bxc5 {[%emt 0:04:56]} Qxc5 {[%emt 0:00:03]} 16. Qb5 {[%emt 0:00:18]} Qe7 {[%emt 0:01:44]} 17. O-O {[%emt 0:01:51]} Ra6 {[%emt 0:01:31]} 18. Bd5 {[%emt 0:05:44]} Nd8 19. Bc4 {[%emt 0:05:00]} c5 {[%emt 0:11:35]} 20. Rad1 {[%emt 0:03:19]} Rg6 {[%emt 0:00:36]} 21. Kh1 {[%emt 0:00:13]} f5 {[%emt 0:14:11]} 22. Rd5 ({Much worse is} 22. Qxa5 $6 b6 $11) 22... fxe4 {[%emt 0:04:58]} 23. Nxe5 {[%emt 0:07:37]} Rg5 {[%emt 0:14:06]} 24. Qxc5 {[%emt 0:03:06]} Qxc5 {[%emt 0:16:21]} 25. Rxc5 {[%emt 0:00:02]} Nc6 {[%emt 0:02:40]} 26. Rxc6 {[%emt 0:00:39]} Rxe5 {[%emt 0:01:17]} 27. Rd6 {[%emt 0:01:35]} e3 {[%emt 0:00:42]} 28. fxe3 {[%emt 0:00:35]} Rfe8 {[%emt 0:02:26]} 29. Rf3 {[%emt 0:01:10]} Bf5 {[%emt 0:00:12]} 30. Bd3 {[%emt 0:01:18]} Be4 {[%emt 0:02:30]} 31. Bxe4 {[%emt 0:01:06]} Rxe4 {[%emt 0:00:02]} 32. Rd4 {[%emt 0:00:30]} Rxe3 {[%emt 0:00:15]} 33. Rxe3 {[%emt 0:00:07]} Rxe3 {[%emt 0:00:04]} 34. Rd5 {[%emt 0:00:07]} b6 {[%emt 0:02:00]} 35. Rb5 {[%emt 0:00:44]} Re6 {[%emt 0:00:09]} 36. b4 {[%emt 0:00:40]} Rc6 {[%emt 0:00:32]} 37. bxa5 {[%emt 0:00:43]} bxa5 {[%emt 0:00:01]} 38. Rxa5 {[%emt 0:00:07]} Rxc3 {[%emt 0:00:02]} 39. Ra8+ {[%emt 0:00:47]} Kh7 {[%emt 0:00:03]} 40. a5 {[%emt 0:00:07]} Ra3 $2 {[%emt 0:00:04]} (40... Kg6 $14) 41. a6 {[%emt 0:00:11]} h5 {[%emt 0:00:57]} 42. a7 {[%emt 0:01:13]} h4 {[%emt 0:00:04]} 43. Kg1 {[%emt 0:00:21]} Ra2 {[%emt 0:00:04]} 44. Kf1 {[%emt 0:00:18]} Kg6 {[%emt 0:00:26]} 45. Ke1 {[%emt 0:00:33]} Kf7 {[%emt 0:03:09] [#]} 46. Kd1 $1 {[%emt 0:00:37]} Kg6 {[%emt 0:00:24] [#]} (46... Ra4 $142 47. Kc2 Ra3) 47. Rh8 $2 {[%emt 0:01:02]} ({Only move:} 47. Kc1 $1 $18) 47... Rxa7 {[%emt 0:00:02]} 48. Rxh4 {[%emt 0:00:10]} Re7 {[%emt 0:00:11]} 49. Kd2 {[%emt 0:00:29]} Kg5 {[%emt 0:00:10]} 50. Rg4+ {[%emt 0:00:10]} Kf5 {[%emt 0:00:08]} 51. Rd4 {[%emt 0:00:54]} g5 {[%emt 0:00:03]} 52. Ra4 {[%emt 0:00:55]} Re5 {[%emt 0:00:11]} 53. Ra8 {[%emt 0:00:18]} Kf4 $11 {[%emt 0:00:13]} 54. Ra4+ {[%emt 0:00:30]} Kg3 {[%emt 0:01:05]} 55. Rg4+ {[%emt 0:00:12]} Kf2 {[%emt 0:00:05]} 56. Kd3 {[%emt 0:00:58]} Re3+ {[%emt 0:00:14]} 57. Kd4 {[%emt 0:01:51]} Rg3 {[%emt 0:00:02]} 58. Ke4 {[%emt 0:00:24]} Rxg2 {[%emt 0:00:21]} 59. Kf5 {[%emt 0:00:48]} Rh2 {[%emt 0:00:34]} 1/2-1/2

[Event "Guimaraes Open 2018"]
[Site "Guimaraes"]
[Date "2018.10.06"]
[Round "5"]
[White "Pinto, Andre Jorge Pimpare"]
[Black "Cordeiro, Joao Carlos Santos "]
[Result "1/2-1/2"]
[WhiteElo "1309"]
[BlackElo "1792"]
[Annotator "NA RC"]
[PlyCount "134"]
[EventDate "2018.10.04"]
[EventType "swiss"]
[EventCountry "POR"]
[SourceTitle "playchess.com"]
[Source "ChessBase"]
[SourceQuality "1"]
[TimeControl "5400+30"]

1. e4 {[%emt 0:00:00]} e5 {[%emt 0:00:07]} 2. Nf3 {[%emt 0:00:00]} Nc6 {[%emt 0:00:03]} 3. Bc4 {[%emt 0:00:13]} Bc5 {[%emt 0:00:04]} 4. d3 {[%emt 0:00:11]} Nf6 {[%emt 0:00:20]} 5. Nc3 {[%emt 0:00:26]} d6 {[%emt 0:00:30]} 6. h3 {[%emt 0:02:34]} a6 {[%emt 0:01:20]} 7. O-O {[%emt 0:01:05]} h6 {[%emt 0:00:20]} 8. Qe1 {[%emt 0:02:30]} Be6 {[%emt 0:03:18]} 9. Bb3 {[%emt 0:03:02]} Qd7 {[%emt 0:12:08]} 10. Bxe6 {[%emt 0:04:13]} fxe6 {[%emt 0:00:13]} 11. Be3 {[%emt 0:01:24]} Bxe3 {[%emt 0:01:53]} 12. Qxe3 {[%emt 0:00:16]} O-O-O {[%emt 0:01:51]} 13. Ne2 {[%emt 0:02:40]} g5 {[%emt 0:02:55]} 14. Nh2 {[%emt 0:02:18]} Rdg8 {[%emt 0:02:35]} 15. Ng4 {[%emt 0:05:27]} Nxg4 {[%emt 0:03:46]} 16. hxg4 {[%emt 0:00:11]} Kb8 {[%emt 0:01:15]} 17. Ng3 {[%emt 0:04:12]} Qf7 {[%emt 0:04:27]} 18. f3 {[%emt 0:03:31]} Nd4 {[%emt 0:02:55]} 19. Qf2 {[%emt 0:03:27]} Nc6 {[%emt 0:06:47]} 20. c3 {[%emt 0:06:12]} Ne7 {[%emt 0:01:45]} 21. d4 {[%emt 0:11:34]} Ng6 {[%emt 0:01:40]} 22. dxe5 {[%emt 0:05:31]} Nxe5 {[%emt 0:00:15]} 23. Qd2 {[%emt 0:02:53]} Ng6 {[%emt 0:02:22]} 24. Nh5 {[%emt 0:02:56]} Nf4 {[%emt 0:01:00]} 25. Nxf4 {[%emt 0:00:11]} gxf4 {[%emt 0:00:02]} 26. Kf2 {[%emt 0:01:59]} e5 {[%emt 0:04:38]} 27. Rh1 {[%emt 0:00:18]} h5 {[%emt 0:02:19]} 28. gxh5 {[%emt 0:00:19]} Rxh5 {[%emt 0:00:12]} 29. Rxh5 {[%emt 0:00:10]} Qxh5 {[%emt 0:00:04]} 30. Rg1 {[%emt 0:00:17]} Qh4+ {[%emt 0:01:17]} 31. Kf1 {[%emt 0:00:35]} Rd8 {[%emt 0:03:37]} 32. Qf2 {[%emt 0:03:46]} Qf6 {[%emt 0:01:52]} 33. c4 {[%emt 0:01:24]} c6 {[%emt 0:05:30]} 34. Qb6 {[%emt 0:02:23]} Qe7 {[%emt 0:01:12]} 35. Rh1 {[%emt 0:01:19]} Qc7 {[%emt 0:01:04]} 36. Qxc7+ {[%emt 0:00:59]} Kxc7 {[%emt 0:00:04]} 37. Ke2 {[%emt 0:00:12]} Rg8 {[%emt 0:00:17]} 38. Kf2 {[%emt 0:01:18]} b5 {[%emt 0:01:04]} 39. cxb5 {[%emt 0:04:38]} axb5 {[%emt 0:00:12]} 40. a3 {[%emt 0:00:09]} Kb6 {[%emt 0:01:13]} 41. Rd1 {[%emt 0:00:36]} Rg6 {[%emt 0:00:19]} 42. Rd2 {[%emt 0:01:40]} Kc7 {[%emt 0:03:36]} 43. b4 {[%emt 0:04:10]} Kb6 {[%emt 0:01:07]} 44. Ke1 {[%emt 0:02:12]} Kc7 {[%emt 0:03:14]} 45. Kd1 {[%emt 0:09:02]} Kd7 {[%emt 0:01:04]} 46. Kc2 {[%emt 0:00:11]} Rg8 {[%emt 0:00:04]} 47. Kb3 {[%emt 0:00:18]} Ke6 {[%emt 0:00:19]} 48. Rc2 {[%emt 0:00:31]} Rc8 {[%emt 0:00:31]} 49. a4 {[%emt 0:00:42]} bxa4+ {[%emt 0:05:37]} 50. Kxa4 {[%emt 0:00:07]} Kd7 {[%emt 0:02:08]} 51. Kb3 {[%emt 0:02:00]} Kc7 {[%emt 0:01:06]} 52. b5 {[%emt 0:01:48]} Kb7 {[%emt 0:04:44]} 53. Rxc6 {[%emt 0:00:46]} Rxc6 {[%emt 0:00:08]} 54. bxc6+ {[%emt 0:00:03]} Kxc6 {[%emt 0:00:12]} 55. Kc4 {[%emt 0:00:07]} Kc7 {[%emt 0:00:14]} 56. Kb4 {[%emt 0:00:54]} Kb6 {[%emt 0:00:05]} 57. Kc4 {[%emt 0:00:07]} Kc6 {[%emt 0:00:07]} 58. Kd3 {[%emt 0:02:57]} Kb5 {[%emt 0:00:14]} 59. Ke2 {[%emt 0:00:13]} Kc4 {[%emt 0:00:15]} 60. Kf2 {[%emt 0:00:09]} Kd4 {[%emt 0:04:38]} 61. g4 {[%emt 0:01:02]} fxg3+ {[%emt 0:00:09]} 62. Kxg3 {[%emt 0:00:14]} Ke3 {[%emt 0:00:40]} 63. Kg4 {[%emt 0:00:09]} Kd4 {[%emt 0:01:23]} 64. Kf5 {[%emt 0:00:49]} d5 {[%emt 0:00:18]} 65. exd5 {[%emt 0:00:10]} Kxd5 {[%emt 0:00:04]} 66. Kf6 {[%emt 0:00:53]} e4 {[%emt 0:00:34]} 67. fxe4+ {[%emt 0:00:02]} Kxe4 {[%emt 0:01:14]} 1/2-1/2